Loading...
Legal awareness of women teachers in Malappuram district /
| Main Author: | |
|---|---|
| Format: | Dissertation |
| Published: |
2006.
|
| LEADER | 00501nam a2200121Ia 4500 | ||
|---|---|---|---|
| 008 | 150520150520b xxu||||| |||m 00| 0 eng d | ||
| 100 | |a Shanavas T.H. | ||
| 245 | |a Legal awareness of women teachers in Malappuram district / |c Shanavas.T.H | ||
| 260 | |c 2006. | ||
| 502 | |a Dissertation (M.Ed)--Department of Education, Univesity of Calicut,2006. | ||
| 942 | |c TH | ||
| 999 | |c 186334 |d 186334 | ||
| 952 | |0 0 |1 0 |4 0 |6 P_6_250000000000000 |7 0 |9 205627 |a EDU |b EDU |c ST1 |d 2015-05-20 |i D527 |l 0 |o P6/25 |p EDUD527 |r 2018-08-29 |w 2018-08-29 |y PD | ||